Countries without a tripoint - Statistics

General Stats
  • This quiz has been taken 1,153 times
  • The average score is 57 of 63
Answers on the Map
Answers color-coded by a green-red scale on the quiz's map according to % correct below.
 
Answer Stats
Country % Correct
Canada
98%
United States
98%
Australia
97%
Ireland
97%
United Kingdom
97%
Cuba
96%
Haiti
96%
Iceland
96%
Japan
96%
New Zealand
96%
Dominican Republic
95%
Papua New Guinea
95%
South Korea
95%
Bahamas
94%
Madagascar
94%
Malta
94%
Portugal
94%
Sri Lanka
94%
Denmark
93%
Fiji
93%
Jamaica
93%
Lesotho
93%
Philippines
93%
Seychelles
93%
Dominica
92%
Federated States of Micronesia
92%
Kiribati
92%
Maldives
92%
Marshall Islands
92%
Solomon Islands
92%
Tuvalu
92%
Vanuatu
92%
Cape Verde
91%
Cyprus
91%
Indonesia
91%
Nauru
91%
Palau
91%
Saint Kitts and Nevis
91%
Samoa
91%
Antigua and Barbuda
90%
Barbados
90%
Comoros
90%
São Tomé and Príncipe
90%
Mauritius
90%
Panama
90%
Saint Lucia
90%
Saint Vincent and the Grenadines
90%
San Marino
90%
Vatican City
90%
Taiwan
89%
Tonga
89%
Trinidad and Tobago
88%
Bahrain
86%
Costa Rica
86%
Grenada
86%
Qatar
86%
Malaysia
85%
Brunei
83%
Nicaragua
83%
Singapore
83%
Monaco
82%
East Timor
81%
Gambia
81%
No matching quizzes found
Score Distribution
Percent of People with Each Score
Percentile by Number Answered
Your Score History
You have not taken this quiz